| 000 | 00000nam 2200000za 4500 |
| 001 | 9.572996 |
| 003 | CaOODSP |
| 005 | 20221107134028 |
| 007 | cr ||||||||||| |
| 008 | 150406s1999 onc|||||o f00| 0 eng d |
| 040 | |aCaOODSP|beng |
| 043 | |an-cn--- |
| 086 | 1 |aM22-132/12-1999E-PDF |
| 110 | 1 |aCanada. |bNatural Resources Canada. |
| 245 | 10|aOptions paper, science, impacts and adaptation |h[electronic resource] / |cprepared by Canadian Climate Program Board. |
| 246 | 27|aScience, impacts and adaptation options paper |
| 260 | |aOttawa : |bThe Board,|c1999. |
| 300 | |a61p.|bfig., references, tables |
| 500 | |a"As a contribution to Canada's National Implementation Strategy on Climate Change", "November 25, 1999". |
| 590 | |a12-10-Supp|b2012-03-23 |
| 710 | 2 |aCanadian Climate Program Board. |
| 775 | 08|tRapport sur les options, sciences, impacts et adaptation |w(CaOODSP)9.603238 |
| 776 | 0#|tScience, impacts and adaptation / |w(CaOODSP)9.615166 |
| 856 | 40|ahttp://publications.gc.ca|qPDF|s235 KB|uhttps://publications.gc.ca/collections/Collection/M22-132-12-1999E.pdf |